000 00909nam2a22002651 4500
001 RU\NLR\INFOCOMM15\5000204286
005 20250617112941.0
035 _a(NLR Aleph) 002574548
090 _a3219856
_c3219856
100 _a20041020d1958 |||y0rusy50 ca
101 0 _arus
_aeng
102 _aRU
105 _ay ||||000|y
200 1 _aДеление U²³⁸ μ‾-мезонами
_fА.К. Михул и М.Г. Петрашку
_gЛаборатория ядерных проблем
210 _d1958
_aБ. м.
461 0 _1001RU\NLR\INFOCOMM15\1000176112
_12001#$aИздания$fОбъедин. ин-т ядерных исследований$vР-­223
700 1 _aМихул
_bА.К.
_4070
701 1 _aПетрашку
_bМ.Г.
_4070
801 1 _aRU
_bInfoComm
_c20041020
801 0 _aRU
_bNLR
_gPSBO
852 _aNLR
_jП11/2061
942 _cISSUE
980 _aNB
980 _aRUSPER